Music Quiz

Random Music or Billboard Quiz

One-Word Titles in Billboard's Top 100 of 1980 Quiz Stats

 Plays Quiz not verified by Sporcle

Also try: Four-Word #1 Hits
Challenge
Share
Tweet
Embed
Score 0/19 Timer 05:00
0 Plays Today
Artist One-Word Song Title % Correct
Gary Numan (#12)Cars
86.9%
Irene Cara (#66)Fame
85.7%
Christopher Cross (#32)Sailing
78.6%
Styx (#20)Babe
77.4%
Lipps, Inc (#8)Funkytown
77.4%
Bette Midler (with 'The') (#10)Rose
72.6%
Olivia Newton-John (#3)Magic
53.6%
Herb Alpert (#54)Rise
47.6%
Fleetwood Mac (#94)Tusk
44%
Fleetwood Mac (#87)Sara
42.9%
Artist One-Word Song Title % Correct
Dan Fogelberg (#33)Longer
42.9%
Tom Petty and the Heartbreakers (#100)Refugee
41.7%
Commodores (#23)Still
39.3%
Rupert Holmes (#50)Him
34.5%
Smokey Robinson (#13)Cruisin'
34.5%
The Brothers Johnson (#47)Stomp!
26.2%
Andy Gibb (#58)Desire
20.2%
Boz Scaggs (#89)Jojo
16.7%
Barry Manilow (#98)Ships
15.5%

You're not logged in!

Compare scores with friends on all Sporcle quizzes.
Join for Free
OR
Log In

You Might Also Like...

Show Comments

Extras

Top Quizzes Today


Score Distribution

Your Account Isn't Verified!

In order to create a playlist on Sporcle, you need to verify the email address you used during registration. Go to your Sporcle Settings to finish the process.

Report this User

Report this user for behavior that violates our Community Guidelines.

Details: